000 00460nam a22001697a 4500
003 NUST - PNEC
005 20170116180947.0
008 150907b xxu||||| |||| 00| 0 eng d
020 _a0932146015
040 _cLIBRARY
082 _a623.7 SCH
100 _98991
_aSchlesinger, Robert J
245 _aPrinciples of electronic warfare
_cRobert J Schlesinger
260 _cc 1961
650 _98993
_aElectronics in military engineering
_xEL
942 _2ddc
_cBK
999 _c66314
_d66314